Регионална библиотека "Любен Каравелов" - Русе

Пламенни чувства (Запис номер 130200)

MARC детайли
000 -Лидер
Контролно поле с фиксирана дължина 01133nam a2200301 c 4500
003 - Код на организацията, давaща контролен номер
Контролно поле BLK
005 - Дата и час на последна редакция
Контролно поле 20180420232307.0
008 - Елементи от данни с фиксирана дължина
fixed length control field 180409b bul|||||r ||||||| ||bul||
010 ## - Наследен системен номер
LC control number KNG00135958000
040 ## - Източник на каталожния запис
Идентификатор на билиотеката - собственик на записа BLK
041 ## - Код за език
Код за езика на текст/звукозапис или на отделно заглавие Български
Код за езика КДБФ Български
080 ## - УДК
Текстов определител УДК Руска литература
УДК код - определител по УДК 821.161.1
УДК определител -31
УДК - код + определител 821.161.1-31
100 1# - Редна дума - Автор
Автор Баш, Яков
Авторска отговорност първи автор
R(LIN) 37286
139 ## - Редно поле
Редна дума Баш, Яков
Авторски знак Бах - Б 30
245 10 - Сведения за заглавието
Заглавие Пламенни чувства
Подзаглавни данни Роман
Редно поле (дума) Яков Баш; прев. от рус. Лиляна Тинева; прев. от рус. Л. Дамянова.
257 ## - Страна на издаване
Страна на създаване/издаване СССР
260 ## - Област на издателските данни
-- София
Име на издателя, разпространителя и проч. Нар. култура
Година на издаване 1958
300 ## - Физическа характеристика
Страници 336 с., 1 л. портр.
Размери/Мащаб 25 см
380 ## - Жанр
Жанр Худож. лит.
500 ## - Общи забележки
Забележка 10 000 тир.
700 1# - Други автори (авторска отговорност)
Лично име Тинева, Лиляна
Автороска отговорност (Описва отношението между автора и произведението) прев. от рус.
9 (RLIN) 316135
700 1# - Други автори (авторска отговорност)
Лично име Дамянова, Л.
Автороска отговорност (Описва отношението между автора и произведението) прев. от рус.
9 (RLIN) 322093
852 ## - Местоположение
Форматна сигнатура Цб 9610
856 4# - Електронен адрес и достъп
Електронен формат pdf - файл
Път до файла /url/
856 4# - Електронен адрес и достъп
Електронен формат pdf - файл
Път до файла /url/
942 ## - АРТИКУЛИ
Вид на библиотечния материал Книги
Скрит в OPAC Не
944 ## - СЪЗДАВАНЕ И РЕДАКЦИЯ на ЗАПИСА
Създаване/Редакция Създаване
Дата на регистрацията/редакция 07.11.2012
Статус, дата на статуса 07.11.2012 - от С1,Р / 07.11.2012
Служител, извършил регистрацията/редакцията Наталия_Любомирова
944 ## - СЪЗДАВАНЕ И РЕДАКЦИЯ на ЗАПИСА
Създаване/Редакция Редакция
Дата на регистрацията/редакция 07.11.2012
Статус, дата на статуса 07.11.2012 - от С1,Р / 07.11.2012
Служител, извършил регистрацията/редакцията
999 ## - СИСТЕМНИ КОНТРОЛНИ НОМЕРА
Koha biblionumber 130200
Koha biblioitemnumber 130200
Наличности
Код за отписване Код за изгубен артикул Източник на класификационната схема Код за повреда Коз за рестрикции Код за отдаване Артикулен № Име на библиотеката - собственик Име на библиотеката, в която се намира в момента Статус (Текущо местоположение) Дата на вписване в системата Местоположение - отдел Цена в лева Инвентарен номер Систематично азбучна сигнатура Баркод Номер на екземпляра Цена в евро Служебна бележка Служебен тип на артикула
  Не е изгубен Universal Decimal Classification Не е повреден без рестрикции ползва се в читалня 211659 Регионална библиотека "Любен Каравелов" Русе Регионална библиотека "Любен Каравелов" Русе Хранилище 1958-01-01 Основен фонд - ползва се само за читалня 1.03 13409/63 Цб 9610 900000084528 1 0.53 N: стар фонд Дата: 01.01.1958 Книги
Изтеглен Не е изгубен Universal Decimal Classification Не е повреден без рестрикции заемане за дома 211660 Регионална библиотека "Любен Каравелов" Русе Регионална библиотека "Любен Каравелов" Русе Заемна - подръчен фонд 1958-01-01 Заемна - подръчен фонд 0.00 4201/58 П 882-31/Б 30 4201/58 2 0.00 N: стар фонд Дата: 01.01.1958 Книги
Изтеглен Не е изгубен Universal Decimal Classification Не е повреден без рестрикции заемане за дома 211661 Регионална библиотека "Любен Каравелов" Русе Регионална библиотека "Любен Каравелов" Русе Заемна - подръчен фонд 1958-01-01 Заемна - подръчен фонд 0.00 3708/58 П 882-31/Б 30 3708/58 3 0.00 N: стар фонд Дата: 01.01.1958 Книги
Изтеглен Не е изгубен Universal Decimal Classification Не е повреден без рестрикции заемане за дома 211662 Регионална библиотека "Любен Каравелов" Русе Регионална библиотека "Любен Каравелов" Русе Заемна - подръчен фонд 1958-01-01 Заемна - подръчен фонд 0.00 3710/58 П 882-31/Б 30 3710/58 4 0.00 N: стар фонд Дата: 01.01.1958 Книги
Изтеглен Не е изгубен Universal Decimal Classification Не е повреден без рестрикции заемане за дома 211663 Регионална библиотека "Любен Каравелов" Русе Регионална библиотека "Любен Каравелов" Русе Заемна - подръчен фонд 1958-01-01 Заемна - подръчен фонд 0.00 3711/58 П 882-31/Б 30 3711/58 5 0.00 N: стар фонд Дата: 01.01.1958 Книги
Изтеглен Не е изгубен Universal Decimal Classification Не е повреден без рестрикции заемане за дома 211664 Регионална библиотека "Любен Каравелов" Русе Регионална библиотека "Любен Каравелов" Русе Заемна - подръчен фонд 1958-01-01 Заемна - подръчен фонд 0.00 3715/58 П 882-31/Б 30 3715/58 6 0.00 N: стар фонд Дата: 01.01.1958 Книги
Изтеглен Не е изгубен   Не е повреден без рестрикции заемане за дома 211665 Регионална библиотека "Любен Каравелов" Русе Регионална библиотека "Любен Каравелов" Русе Отчислена 1958-01-01 Заемна - подръчен фонд 0.00 78/58 П 882-31/Б 30 78/58 7 0.00 N: стар фонд Дата: 01.01.1958 Книги
Vip Innovations Ltd, Rousse, Bulgaria 2025